Регионална библиотека "Любен Каравелов" - Русе

Писател на война (Запис номер 454040)

MARC детайли
000 -Лидер
Контролно поле с фиксирана дължина 02243nam a2200445 a 4500
003 - Код на организацията, давaща контролен номер
Контролно поле BLK
005 - Дата и час на последна редакция
Контролно поле 20240228102221.0
008 - Елементи от данни с фиксирана дължина
fixed length control field 181205b bu c|||er|||| 00| 0 bu d
020 ## - Международен стандартен номер на книга ISBN
Международен стандартен номер на книга ISBN 9786190110101
020 ## - Международен стандартен номер на книга ISBN
Международен стандартен номер на книга ISBN мека подв.
020 ## - Международен стандартен номер на книга ISBN
Международен стандартен номер на книга ISBN 978-619-01-1011-8
Поясняваща информация твърда подв.
040 ## - Източник на каталожния запис
Идентификатор на билиотеката - собственик на записа BLK
041 ## - Код за език
Код за езика на текст/звукозапис или на отделно заглавие Български
Код за езика КДБФ Български
080 ## - УДК
Текстов определител УДК История на Втората световна война (1939-1945)
УДК код - определител по УДК 94(100)"1939/1945"
УДК - код + определител 94(100)"1939/1945"
080 ## - УДК
Текстов определител УДК Военно изкуство. Общо върху военните операции. Тактика. Стратегия. Бойно поле
УДК код - определител по УДК 355.4
УДК - код + определител 355.4(470)
100 ## - Редна дума - Автор
R(LIN) 302375
Автор Гросман, Василий Семьонович
Авторска отговорност първи автор
Автор - информация (биография) Гросман, Йосиф Соломонович
139 ## - Редно поле
Редна дума Гросман, Василий Семьонович
Авторски знак Грос - Г 87
245 ## - Сведения за заглавието
Заглавие Писател на война
Редно поле (дума) Василий Гросман, под ред. на Антъни Бийвър, Люба Виноградова, прев. от рус. Мария Кондакова
260 ## - Област на издателските данни
9 (RLIN) 210881
Място на издаване, разпространение и проч. София
Име на издателя, разпространителя и проч. Изток-Запад
Година на издаване 2022
Издателство - префикс ISBN 978-619-01- ; 978-619-152- ; 978-954-321- ; 954-8945-
300 ## - Физическа характеристика
Страници 367 с.
Илюстрации и др. с портр.
Размери/Мащаб 21 см
380 ## - Жанр
Жанр Худож. лит.
500 ## - Общи забележки
Забележка Ориг. загл.: A Writer at War : A Soviet Journalist with the Red Army, 1941 - 1945/The Estate of Vasily Grossman. - Бел. на ред. и показалец.
504 ## - Забележка за наличие на библиография и др
Забележка за наличие на библиография и под. Библиогр. с. 352-353
650 #0 - Допълнително описание по предмет – тема
9 (RLIN) 243237
Основно описание – тема или топоним Втора световна война - спомени
651 #7 - Допълнително описание по предмет - топоним
9 (RLIN) 179243
Географско понятие Москва
651 #7 - Допълнително описание по предмет - топоним
9 (RLIN) 179131
Географско понятие Ленинград
653 #7 - Ключова дума – ненормативна
9 (RLIN) 182078
Ключова дума битки
700 ## - Други автори (авторска отговорност)
9 (RLIN) 514
Лично име Бийвър, Антъни
Автороска отговорност (Описва отношението между автора и произведението) въвед. и ред.
700 ## - Други автори (авторска отговорност)
9 (RLIN) 510
Лично име Виноградова, Люба
Автороска отговорност (Описва отношението между автора и произведението) въвед.
700 ## - Други автори (авторска отговорност)
Лично име Кондакова, Мария Атанасова
Дати, свързани с автора 1969 -
Друга информация Преводач от английски език
9 (RLIN) 286302
852 ## - Местоположение
Фондова буква Заемна - подръчен фонд
852 ## - Местоположение
Фондова буква Хранилище
Форматна сигнатура Цб 315568
856 ## - Електронен адрес и достъп
Инструкция (цена за достъп) 0.00
Права за достъп disable
999 ## - СИСТЕМНИ КОНТРОЛНИ НОМЕРА
Koha biblionumber 454040
Koha biblioitemnumber 454040
942 ## - АРТИКУЛИ
Вид на библиотечния материал Книги
Скрит в OPAC Не
Koha issues (borrowed), all copies 19
Периодичен библиозапис Да
944 ## - СЪЗДАВАНЕ И РЕДАКЦИЯ на ЗАПИСА
Създаване/Редакция Създаване
Дата на регистрацията/редакция 2022-04-26
Служител, извършил регистрацията/редакцията 30531
Статус, дата на статуса Цветелина Шанова
944 ## - СЪЗДАВАНЕ И РЕДАКЦИЯ на ЗАПИСА
Дата на регистрацията/редакция 2022-12-15
Служител, извършил регистрацията/редакцията ир
999 ## - СИСТЕМНИ КОНТРОЛНИ НОМЕРА
Koha biblioitemnumber 454040
999 ## - СИСТЕМНИ КОНТРОЛНИ НОМЕРА
Koha biblioitemnumber 454040
999 ## - СИСТЕМНИ КОНТРОЛНИ НОМЕРА
Koha biblioitemnumber 454040
Наличности
Код за отписване Код за изгубен артикул Източник на класификационната схема Код за повреда Коз за рестрикции Код за отдаване Артикулен № Име на библиотеката - собственик Име на библиотеката, в която се намира в момента Статус (Текущо местоположение) Дата на вписване в системата Местоположение - отдел Цена в лева Систематично азбучна сигнатура Баркод Цена в евро Служебен тип на артикула
  Не е изгубен Universal Decimal Classification Не е повреден без рестрикции заемане за дома 882485 Регионална библиотека "Любен Каравелов" Русе Регионална библиотека "Любен Каравелов" Русе Заемна - подръчен фонд 2022-04-26 Заемна - подръчен фонд 18.67 94(100)'1939-1944"/Г 87 В 120000871398 9.55 Книги
  Не е изгубен Universal Decimal Classification Не е повреден само за читалня ползва се в читалня 920521 Регионална библиотека "Любен Каравелов" Русе Регионална библиотека "Любен Каравелов" Русе Хранилище 2022-12-19 Хранилище 29.90 Цб 315568 120000880422 15.29 Книги
Vip Innovations Ltd, Rousse, Bulgaria 2025